000 00318nam a2200109 a 4500
005 20140414132101.0
008 100719s19uu xx 00 eng d
050 _aREF 823
_bH24 2002
245 _aHarry Potter and the chamber of secrets :
_bsticker album.
260 _aAustralia :
_bWarner Bros,
_c2002.
999 _c114475
_d114475